000 00914 a2200205 4500
003 NUST
005 20221207170827.0
010 _a 00283211
020 _a9698373012
035 _a(DLC) 00283211
040 _cNust
082 0 0 _a297,HUS
100 1 _aHussain, Iqbal S.
_9328
245 1 4 _aThe Quraan and modernism :
_bbeyond science & philosophy /
_cIqbal S. Hussain.
250 _a1st. ed.
260 _aLahore :
_bAdabistan,
_c2000.
300 _axix,473 p. :
_c22 cm.
505 _aFrom Revelation To Interpretation (Page-15), Final Version Of The Ultimate Issue (Page-61), From Revelation To Exploration (Page-83), Religion, Sciences And Modernism (Page-106), Philosophy Of Creative Existence (Page-136), The Rhythm Of Life (Page-169), Morality And Modernism (Page-190), Culture Of Corruption (Page-216), Knowledge And Wisdom (Page-274), Prophets And Prophecy (Page-394).
942 _2ddc
_cBK
_k297,HUS
999 _c193653
_d193653